=LDR 00000nam 2200000 4500 =247 ##$$a =856 ##$$a =700 #$$a =650 #$$a Jejaring Kardiovaskular Nasional =520 #$$a Tingginya angka kematian akibat penyakit jantung di Indonesia, merupakan penyebab kematian kedua tertinggi setelah stroke. Tantangan utama yang dihadapi mencakup ketimpangan akses layanan, perbedaan kualitas layanan antar wilayah, serta keterbatasan infrastruktur dan sumber daya manusia di rumah sakit jejaring. Dalam menghadapi tantangan ini, transformasi layanan rujukan menjadi pilar penting dalam sistem kesehatan nasional, dengan fokus pada pemertaan akses layanan unggulan kardiovaskular. Proper ini bertujuan untuk memperkuat jejaring layanan kardiovaskular nasional sebagai bagian dari program prioritas nasional. Proyek ini dirancang untuk meningkatkan aksebilitas dan kualitas layanan kardiovaskular di Indonesia melalui pengembangan tata kelola yang lebih terintegrasi dan sistem monitoring yang berbasis teknologi digital. Fokus utama proyek adalah menurunkan angka mortalitas akibat sindrom Koroner Akut (SKA) dengan mengoptimalkan kapasistas rumah sakit jejaring di berbagai wilayah Indonesia. =321 ##$$a =310 ##$$a =300 ##$$a 61 hlm. : $b ill. ; $c 30 cm $e =260 ##$$a Jakarta : $b Pusbangkom Pimnas dan Manajerial ASN. ; $c 2024 =001 $a INLIS000000000020856 =245 ##$$a Strategi Penguatan Program Pengampuan Jejaring Kardiovaskular Nasional Sebagai Prioritas Nasional Pada Rumah Sakit Jantung dan Pembuluh Daerah Harapan Kita $b $c Maya Marinda Montain =100 #$$a Maya Marinda Montain =084 ##$$a R 0070 PKN I 2024 =082 ##$$a =035 ##$$a 0010-0426000013 =020 ##$$a =008 $a 260413################g##########0#ind## =005 $a 20260413152137